| 000 -LEADER |
| fixed length control field |
01788cam a2200325 i 4500 |
| 001 - CONTROL NUMBER |
| control field |
22022241 |
| 003 - CONTROL NUMBER IDENTIFIER |
| control field |
NUST |
| 005 - DATE AND TIME OF LATEST TRANSACTION |
| control field |
20250113122603.0 |
| 008 - FIXED-LENGTH DATA ELEMENTS--GENERAL INFORMATION |
| fixed length control field |
210505s2021 pk 001 0 eng |
| 010 ## - LIBRARY OF CONGRESS CONTROL NUMBER |
| LC control number |
2021319569 |
| 020 ## - INTERNATIONAL STANDARD BOOK NUMBER |
| International Standard Book Number |
9780190704193 |
| 037 ## - SOURCE OF ACQUISITION |
| Source of stock number/acquisition |
Library of Congress -- Islamabad Overseas Office |
| 040 ## - CATALOGING SOURCE |
| Original cataloging agency |
DLC |
| Language of cataloging |
eng |
| Transcribing agency |
DLC |
| Description conventions |
rda |
| 042 ## - AUTHENTICATION CODE |
| Authentication code |
lcode |
| -- |
pcc |
| 082 ## - DEWEY DECIMAL CLASSIFICATION NUMBER |
| Classification number |
327.5491,HUS |
| 100 1# - MAIN ENTRY--PERSONAL NAME |
| Personal name |
Hussain, Zahid, |
| Dates associated with a name |
1949- |
| Relator term |
author. |
| 9 (RLIN) |
127498 |
| 245 10 - TITLE STATEMENT |
| Title |
No-win war : |
| Remainder of title |
the paradox of US-Pakistan relations in Afghanistan's shadow / |
| Statement of responsibility, etc. |
Zahid Hussain. |
| 250 ## - EDITION STATEMENT |
| Edition statement |
First edition. |
| 264 #1 - PRODUCTION, PUBLICATION, DISTRIBUTION, MANUFACTURE, AND COPYRIGHT NOTICE |
| Place of production, publication, distribution, manufacture |
Karachi : |
| Name of producer, publisher, distributor, manufacturer |
Oxford University Press, |
| Date of production, publication, distribution, manufacture, or copyright notice |
2021. |
| 300 ## - PHYSICAL DESCRIPTION |
| Extent |
xvi, 355 pages ; |
| Dimensions |
22 cm |
| 336 ## - CONTENT TYPE |
| Content type term |
text |
| Content type code |
txt |
| Source |
rdacontent |
| 337 ## - MEDIA TYPE |
| Media type term |
unmediated |
| Media type code |
n |
| Source |
rdamedia |
| 338 ## - CARRIER TYPE |
| Carrier type term |
volume |
| Carrier type code |
nc |
| Source |
rdacarrier |
| 505 ## - FORMATTED CONTENTS NOTE |
| Formatted contents note |
History Starts Today! (Page-1), The Original Sin (Page-16), The Fall and Rise of the Taliban (Page-32), The Great Escape (Page-52), Not –So- Invisibles War (Page-70), Taming Pakistan (Page-89), Democracy Versus National Security (Page-107), What’s your Plan for Afghanistan (Page-120), Enemies Now (Page-139), Midnight Raid (Page-157), Relation on a Slippery Slope (Page-172), Sorry, But ‘No’ Sorry (Page-188), Talking to the Taliban (Page-204), Storming the Witches (Page-221), Death of Mullah Omar (Page-239), A Maverick in the White House (Page-257), Shifting Sands of Afghanistan (Page-273), The Endgame (Page-295). |
| 650 #0 - SUBJECT ADDED ENTRY--TOPICAL TERM |
| Topical term or geographic name entry element |
War on Terrorism, 2001-2009. |
| 651 #0 - SUBJECT ADDED ENTRY--GEOGRAPHIC NAME |
| Geographic name |
Pakistan |
| General subdivision |
Foreign relations |
| Geographic subdivision |
United States. |
| 9 (RLIN) |
13001 |
| 651 #0 - SUBJECT ADDED ENTRY--GEOGRAPHIC NAME |
| Geographic name |
United States |
| General subdivision |
Foreign relations |
| Geographic subdivision |
Pakistan |
| 9 (RLIN) |
13000 |
| 651 #0 - SUBJECT ADDED ENTRY--GEOGRAPHIC NAME |
| Geographic name |
Afghanistan |
| General subdivision |
Politics and government |
| Chronological subdivision |
2001-2021 |
| General subdivision |
Foreign influences. |
| 9 (RLIN) |
127499 |
| 942 ## - ADDED ENTRY ELEMENTS (KOHA) |
| Source of classification or shelving scheme |
|
| Koha item type |
Book |
| Classification part |
327.5491,HUS |